01075nam a2200289 i 4500003000900000005001700009007000300026008004100029020001800070040003000088041000800118082002000126100005000146245005200196250002200248264006600270300002800336336002700364337003300391338002800424590002600452650001000478910001500488942001400503952025100517999001700768DO-SdBNP20250110134237.0ta171224s2013 dr 000 0 spa d a9789945879537 aDO-SdBNPbspacBNPHUerda hspa 4axxxxbM313c2221 aMarcallé Abreu, Roberto,4aut.eautor9662214aLas calles enemigas /cRoberto Marcallé Abreu aPrimera edición 4aSanto Domingo :bEditora Universidad Central del Este,c2013. a310 páginas ;c23 cm. atextobtxt2rdacontent bsin mediaciónan2rdamedia avolumenbnc2rdacarrier aInventariado, 2025/BT 934660 aBtavárez 2ddccLBS1 00102ddc51708PDaBNPHUbBNPHUcCTd2025-01-10eDonado por la Presidencia de la República Dominicana 2023.l0oBNPHU PD xxxx M313cp2025-0085r2025-01-10w2025-01-10yLBS1zPerteneció a la biblioteca personal de René Rodríguez Soriano. c58027d58027